000 00790nam a2200253 a 4500
001 64095
003 BD-RjUL
005 20211209081253.0
008 170108s1990 ii b 000 0 eng d
035 _a(BD-RjUL)64225
040 _aDLC
_cDLC
_dBD-RjUL
_beng
041 _aeng
082 _223
_a954.01
_bRAH 1990
100 _aRaychoudhary, S.C.
_9190366
245 1 0 _aHistory of ancient India :
_b[from 326. a.d. to 1000. a.d.] /
_cS.C. Raychoudhary
250 _a1st ed.
260 _aIndia :
_bSurjeet Publications,
_c1990.
300 _a149 p. ;
_c18 cm.
490 _aComprehensive History of India.
_vV-2.
504 _aInclude Bibliography
651 _aIndia
_vHistory
_y324 B.C.-1000 A.D.
_9190367
830 _aComprehensive History of India.
_vV-2.
_9190370
942 _2ddc
_cBK
999 _c64095
_d64095